000 00581nam a2200193Ia 4500
003 GCL
008 140319s9999 xx 000 0 ara d
040 _aGCL /
_cGCL
082 0 4 _a212
_bاا
100 1 _aابى الحسن على بن محمد
245 1 0 _aادب الدنيا والدين /
_cابى الحسن على بن محمد
700 1 _aمصطفى السقا
260 _a[S.N] :
_bالمكتبة الثقافية
300 _a351 ص
490 _a
650 0 4 _aالاخلاق الاسلامية
650 0 4 _aالاخلاق الدينية
942 _2ddc
_cBK
999 _c54375
_d54375